| 000 | 02339nam0a2200421 4500 | ||
|---|---|---|---|
| 001 | RU\NLR\BIBL_A\011734456 | ||
| 005 | 20180702102158.0 | ||
| 010 |
_a978-5-9908082-3-2 _9300 |
||
| 021 |
_aRU _bКН-П-18-036441 _9КН-П-18-2642 |
||
| 035 | _a(NLR Aleph) 011734456 | ||
| 035 | _a(RuMoRGB)009636736 | ||
| 090 |
_a11546435 _c11546435 |
||
| 100 | _a20180621d2018 k y0rusy50 ca | ||
| 101 | 0 |
_arus _deng |
|
| 102 | _aRU | ||
| 105 | _aa z 000zy | ||
| 200 | 1 |
_aУправление в условиях глобальных мировых трансформаций: экономика, политика, право _dManagement in the conditions of the global world transformations: economics, politics, law _eсборник научных трудов _fФГАОУ ВО "Крымский федеральный университет", Севастопольский экономико-гуманитарный институт (филиал), ФГАОУ ВО "Северо-Кавказский федеральный университет" _g[редакционная коллегия : Додонов Сергей Владимирович, кандидат экономических наук, доцент и др.] _zeng |
|
| 210 |
_aСевастополь _c[б. и.] _aСимферополь _cКФУ им. В. И. Вернадского _d2018 |
||
| 215 |
_a537 с. _cил., табл. _d29 |
||
| 300 | _aРез. англ. | ||
| 320 | _aБиблиогр. в конце ст. | ||
| 510 | 1 |
_aManagement in the conditions of the global world transformations: economics, politics, law _zeng |
|
| 606 | 1 |
_aЭкономика _jСборники _91414491 _3RU\NLR\AUTH\66284709 |
|
| 606 | 1 |
_aПолитика _jСборники _91273659 _3RU\NLR\AUTH\66206728 |
|
| 606 | 1 |
_aПраво _jСборники _9894779 _3RU\NLR\AUTH\664055 |
|
| 686 |
_aУ9(2)я43 _2rubbk |
||
| 686 |
_aХ.я43 _2rubbk |
||
| 686 | 1 | _aУ.я43 | |
| 686 | 1 | _aХ.я43 | |
| 686 | 1 | _aФ.я43 | |
| 702 | 1 |
_aДодонов _bС. В. _gСергей Владимирович _4340 |
|
| 712 | 0 | 2 |
_4570 _aСевастопольский экономико-гуманитарный институт _9522051 _3RU\NLR\AUTH\880428787 |
| 942 | _cBOOK | ||
| 980 | _aNBR | ||
| 980 | _aNB | ||